ბათუმის შოთა რუსთაველის სახელმწიფო უნივერსიტეტის ბიბლიოთეკა

თხზულებანი შვიდ ტომად.ტ.1.პედაგოგიური პოემა. Т.1.Педагогическая поема. (ბიბ.ჩანაწერი № 44910)

000 -LEADER
fixed length control field 01032nam a2200217Ia 4500
001 - CONTROL NUMBER
control field 11729
003 - CONTROL NUMBER IDENTIFIER
control field GE_BSU
008 - FIXED-LENGTH DATA ELEMENTS--GENERAL INFORMATION
fixed length control field 181216s||||||||xx |||||||||||||| ||und||
040 ## - CATALOGING SOURCE
Transcribing agency GE_BSU
080 ## - UNIVERSAL DECIMAL CLASSIFICATION NUMBER
Universal Decimal Classification number 37.01+371.478+821.161.1-32
100 ## - MAIN ENTRY--PERSONAL NAME
Personal name მაკარენკო,ა.ს. Макаренко,А.С.
245 ## - TITLE STATEMENT
Title თხზულებანი შვიდ ტომად.ტ.1.პედაგოგიური პოემა. Т.1.Педагогическая поема.
245 ## - TITLE STATEMENT
Statement of responsibility, etc. რედ:ვარლამ ქაჯაია; თარგმ:პოლიო აბრამიასი.
260 ## - PUBLICATION, DISTRIBUTION, ETC.
Place of publication, distribution, etc. თბილისი
260 ## - PUBLICATION, DISTRIBUTION, ETC.
Name of publisher, distributor, etc. ინ-ტის გამ-ბა
260 ## - PUBLICATION, DISTRIBUTION, ETC.
Date of publication, distribution, etc. 1957
300 ## - PHYSICAL DESCRIPTION
Extent 910გვ;22სმ.
300 ## - PHYSICAL DESCRIPTION
Other physical details საგანთა და პერსონ.საძიებ.გვ:897
653 ## - INDEX TERM--UNCONTROLLED
Uncontrolled term თხზულებანი შვიდ ტომად.ტ.1.პედაგოგიური პოემა. Т.1.Педагогическая поема.
942 ## - ADDED ENTRY ELEMENTS (KOHA)
Koha item type წიგნი
ეგზემპლარები
Withdrawn status Lost status Damaged status Not for loan Date acquired Barcode Date last seen Price effective from Koha item type
        2018-12-17 20326 2018-12-17 2018-12-17 წიგნი